petroleum tankship safety (Record no. 53457)

MARC details
000 -LEADER
fixed length control field 00492nam a2200145 a 4500
008 - FIXED-LENGTH DATA ELEMENTS--GENERAL INFORMATION
fixed length control field 120416s0000 ||||||||||||||||| || u
020 ## - INTERNATIONAL STANDARD BOOK NUMBER
International Standard Book Number 0540004111
050 ## - LIBRARY OF CONGRESS CALL NUMBER
Classification number VM 455 Pag
100 ## - MAIN ENTRY--PERSONAL NAME
Personal name Page, R.C
245 10 - TITLE STATEMENT
Title petroleum tankship safety
260 ## - PUBLICATION, DISTRIBUTION, ETC.
Place of publication, distribution, etc. London
Name of publisher, distributor, etc. The Maritime P
Date of publication, distribution, etc. 1971
300 ## - PHYSICAL DESCRIPTION
Extent [viii], 223p. : ill
350 ## - PRICE (NR) (BK AM CF MU VM SE) [OBSOLETE]
Price 0.00
995 ## - RECOMMENDATION 995 [LOCAL, UNIMARC FRANCE]
-- 0.00
-- CBU-MAIN LIBRARY (Kitwe)
-- 1
-- 1.50
-- 1
-- AVAILABLE
-- Annex Low-Usage Collection
Holdings
Withdrawn status Lost status Source of classification or shelving scheme Damaged status Not for loan Home library Current library Shelving location Date acquired Total Checkouts Full call number Barcode Date last seen Price effective from Koha item type
          CBU-MAIN LIBRARY, KITWE. CBU-MAIN LIBRARY, KITWE.   11/30/2022   VM 455 Pag 017547 11/30/2022 11/30/2022 MONOGRAPH